[Event "WYCC 2018 O18"]
[Site "Halkidiki"]
[Date "2018.10.26"]
[Round "7"]
[White "Martinez Fernandez, Adrian"]
[Black "Gonzalez Carrillo, Javier Omar"]
[Result "1/2-1/2"]
[WhiteElo "2277"]
[BlackElo "2031"]
[Annotator "NA"]
[PlyCount "115"]
[EventDate "2018.10.20"]
[EventType "swiss"]
[EventCountry "GRE"]
[SourceTitle "playchess.com"]
[Source "ChessBase"]
[SourceQuality "1"]
[TimeControl "40/5400+30:1800+30"]

1. e4 {[%emt 0:00:00]} c5 {[%emt 0:00:14]} 2. Nf3 {[%emt 0:00:00]} Nc6 {[%emt 0:00:07]} 3. d4 {[%emt 0:00:00]} cxd4 {[%emt 0:00:03]} 4. Nxd4 {[%emt 0:00:00]} Nf6 {[%emt 0:00:02]} 5. Nc3 {[%emt 0:00:03]} e5 {[%emt 0:00:03]} 6. Ndb5 {[%emt 0:00:07]} d6 {[%emt 0:00:02]} 7. Bg5 {[%emt 0:00:10]} a6 {[%emt 0:00:03]} 8. Na3 {[%emt 0:00:08]} b5 {[%emt 0:00:04]} 9. Nd5 {[%emt 0:00:06]} Be7 {[%emt 0:00:04]} 10. Bxf6 {[%emt 0:00:09]} Bxf6 {[%emt 0:00:02]} 11. c4 {[%emt 0:00:10]} b4 {[%emt 0:02:22]} 12. Nc2 {[%emt 0:00:08]} O-O {[%emt 0:02:32]} 13. Ncxb4 {[%emt 0:18:51]} Nxb4 {[%emt 0:00:30]} 14. Nxb4 {[%emt 0:00:03]} Qb6 {[%emt 0:01:36]} 15. Qd2 {[%emt 0:05:29]} Rb8 {[%emt 0:01:53]} 16. Nd3 {[%emt 0:02:56]} Qd4 {[%emt 0:05:52]} 17. f3 {[%emt 0:01:12]} Be6 {[%emt 0:01:06]} 18. Rc1 {[%emt 0:05:35]} Bxc4 {[%emt 0:04:25]} 19. b3 {[%emt 0:00:33]} Be6 {[%emt 0:11:41]} 20. Qf2 {[%emt 0:02:26]} Qxf2+ {[%emt 0:08:14]} 21. Kxf2 {[%emt 0:01:57]} Rfc8 {[%emt 0:04:02]} 22. Be2 {[%emt 0:01:24]} Bg5 {[%emt 0:00:31]} 23. Rxc8+ {[%emt 0:03:26]} Rxc8 {[%emt 0:00:04]} 24. Rb1 {[%emt 0:05:26]} a5 {[%emt 0:09:02]} 25. Rb2 {[%emt 0:03:02]} f5 {[%emt 0:03:56]} 26. Ne1 {[%emt 0:04:21]} fxe4 {[%emt 0:18:19]} 27. fxe4 {[%emt 0:00:02]} Bd8 {[%emt 0:07:45]} 28. Bf3 {[%emt 0:05:14]} Bb6+ {[%emt 0:01:04]} 29. Ke2 {[%emt 0:00:03]} g5 {[%emt 0:02:33]} 30. h3 {[%emt 0:00:43]} Rf8 {[%emt 0:02:14]} 31. Rc2 {[%emt 0:01:45]} Bd7 {[%emt 0:00:41]} 32. Kd1 {[%emt 0:08:19]} Kg7 {[%emt 0:00:51]} 33. Rd2 {[%emt 0:06:47]} Rf6 {[%emt 0:02:11]} 34. Rd3 {[%emt 0:07:08]} Kg6 {[%emt 0:05:31]} 35. Nc2 {[%emt 0:00:06]} Bb5 {[%emt 0:02:45]} 36. Rc3 {[%emt 0:03:06]} Rf8 {[%emt 0:00:29]} 37. Na3 {[%emt 0:00:35]} Bd7 {[%emt 0:01:17]} 38. Nc4 {[%emt 0:00:05]} Bd4 {[%emt 0:00:30]} 39. Rd3 {[%emt 0:08:46]} Bb5 {[%emt 0:00:11]} 40. Rd2 {[%emt 0:00:00]} Bxc4 {[%emt 0:00:00]} 41. bxc4 {[%emt 0:00:25]} Rb8 {[%emt 0:08:27]} 42. Rc2 {[%emt 0:03:50]} h5 {[%emt 0:00:41]} 43. Kd2 {[%emt 0:01:23]} Rf8 {[%emt 0:00:53]} 44. Ke2 {[%emt 0:03:36]} Rf4 {[%emt 0:02:30]} 45. g3 {[%emt 0:00:24]} Rf8 {[%emt 0:00:04]} 46. Rd2 {[%emt 0:01:21]} Rb8 {[%emt 0:08:27]} 47. Kd3 {[%emt 0:00:23]} Rb4 {[%emt 0:00:30]} 48. Bd1 {[%emt 0:01:23]} Rb8 {[%emt 0:02:19]} 49. Bf3 {[%emt 0:00:55]} Rb1 {[%emt 0:00:20]} 50. Bd1 {[%emt 0:00:59]} Rc1 {[%emt 0:00:45]} 51. Ke2 {[%emt 0:01:12]} Rxc4 {[%emt 0:01:06]} 52. Bb3 {[%emt 0:00:57]} Rc8 {[%emt 0:03:34]} 53. Rd1 {[%emt 0:00:48]} g4 {[%emt 0:04:41]} 54. hxg4 {[%emt 0:01:45]} hxg4 {[%emt 0:00:09]} 55. Be6 {[%emt 0:01:46]} Rc3 {[%emt 0:04:11]} 56. Rd3 {[%emt 0:00:45]} Rxd3 {[%emt 0:00:11]} 57. Kxd3 {[%emt 0:00:02]} Kg5 {[%emt 0:00:07]} 58. Ke2 {[%emt 0:00:10]} 1/2-1/2

[Event "WYCC 2018 O18"]
[Site "Halkidiki"]
[Date "2018.10.26"]
[Round "7"]
[White "Alexiadis, Hristos"]
[Black "Muha, Miljenko"]
[Result "1-0"]
[WhiteElo "2263"]
[BlackElo "2365"]
[Annotator "NA"]
[PlyCount "111"]
[EventDate "2018.10.20"]
[EventType "swiss"]
[EventCountry "GRE"]
[SourceTitle "playchess.com"]
[Source "ChessBase"]
[SourceQuality "1"]
[TimeControl "40/5400+30:1800+30"]

1. e4 {[%emt 0:00:26]} e5 {[%emt 0:00:10]} 2. Nf3 {[%emt 0:00:44]} Nc6 {[%emt 0:00:02]} 3. Bc4 {[%emt 0:02:25]} Nf6 {[%emt 0:00:23]} 4. d3 {[%emt 0:01:08]} Bc5 {[%emt 0:00:23]} 5. c3 {[%emt 0:00:22]} O-O {[%emt 0:02:35]} 6. Nbd2 {[%emt 0:01:39]} d6 {[%emt 0:05:55]} 7. h3 {[%emt 0:05:05]} Ne7 {[%emt 0:02:57]} 8. O-O {[%emt 0:04:33]} Ng6 $11 {[%emt 0:01:35] LiveBook: 7 Games} 9. d4 {[%emt 0:10:19]} Bb6 {[%emt 0:06:30]} 10. Re1 {[%emt 0:02:04]} exd4 {[%emt 0:07:10]} 11. Nxd4 {[%emt 0:01:03]} d5 {[%emt 0:11:23]} 12. exd5 {[%emt 0:00:09]} Nxd5 {[%emt 0:00:08]} 13. Ne4 {[%emt 0:02:48]} c6 {[%emt 0:06:05]} 14. Bb3 {[%emt 0:07:11]} h6 {[%emt 0:03:42]} 15. a4 {[%emt 0:13:06]} Ndf4 {[%emt 0:06:02]} 16. Qf3 {[%emt 0:04:30]} Bc7 {[%emt 0:00:24]} 17. Bxf4 {[%emt 0:03:55]} Nxf4 {[%emt 0:00:31]} 18. Rad1 {[%emt 0:00:54]} Qh4 {[%emt 0:02:05]} 19. Ng3 {[%emt 0:08:27]} Qg5 {[%emt 0:03:08]} 20. Bc2 {[%emt 0:06:51]} Nd5 {[%emt 0:05:32]} 21. Bb3 {[%emt 0:02:36]} Nf6 {[%emt 0:07:27]} 22. Ndf5 {[%emt 0:04:06]} Bxf5 {[%emt 0:10:59]} 23. Nxf5 {[%emt 0:00:06]} Rae8 {[%emt 0:02:37]} 24. g3 {[%emt 0:02:41]} Rxe1+ {[%emt 0:07:59]} 25. Rxe1 {[%emt 0:00:04]} g6 {[%emt 0:01:11]} 26. Nxh6+ {[%emt 0:09:36]} Kg7 {[%emt 0:00:00]} 27. Nxf7 {[%emt 0:00:05]} Rxf7 {[%emt 0:00:37]} 28. Bxf7 {[%emt 0:00:02]} Kxf7 {[%emt 0:00:08]} 29. Rd1 {[%emt 0:03:39]} Qf5 {[%emt 0:02:39]} 30. Qxf5 {[%emt 0:00:04]} gxf5 {[%emt 0:00:04]} 31. f4 {[%emt 0:00:10]} b5 {[%emt 0:01:03]} 32. axb5 {[%emt 0:00:13]} cxb5 {[%emt 0:00:02]} 33. Kg2 {[%emt 0:00:14]} Ke6 {[%emt 0:01:29]} 34. Kf3 {[%emt 0:00:06]} Nd5 {[%emt 0:00:16]} 35. Re1+ {[%emt 0:01:22]} Kf7 {[%emt 0:00:07]} 36. Rc1 {[%emt 0:02:52]} Nb6 {[%emt 0:01:36]} 37. Rd1 {[%emt 0:00:44]} a5 {[%emt 0:00:44]} 38. g4 {[%emt 0:00:08]} fxg4+ {[%emt 0:00:02]} 39. hxg4 {[%emt 0:00:04]} a4 {[%emt 0:00:50]} 40. g5 {[%emt 0:00:00]} Ke7 {[%emt 0:00:00]} 41. Kg4 {[%emt 0:04:31]} Nc4 {[%emt 0:01:29]} 42. Re1+ {[%emt 0:00:02]} Kf7 {[%emt 0:01:24]} 43. Re2 {[%emt 0:00:27]} Bb6 {[%emt 0:01:12]} 44. Kf3 {[%emt 0:03:51]} b4 {[%emt 0:01:30]} 45. cxb4 {[%emt 0:04:34]} Bd4 {[%emt 0:00:01]} 46. Rc2 {[%emt 0:00:09]} Nxb2 {[%emt 0:02:20]} 47. Rc7+ {[%emt 0:00:05]} Kg8 {[%emt 0:02:48]} 48. Rc8+ {[%emt 0:00:07]} Kf7 {[%emt 0:00:28]} 49. Ra8 {[%emt 0:02:27]} Ke6 {[%emt 0:02:47]} 50. Ke4 {[%emt 0:01:04]} Bc3 {[%emt 0:00:01]} 51. f5+ {[%emt 0:00:14]} Kd6 {[%emt 0:00:40]} 52. f6 {[%emt 0:00:57]} Ke6 {[%emt 0:01:58]} 53. Ra6+ {[%emt 0:00:13]} Kf7 {[%emt 0:00:26]} 54. Kf5 {[%emt 0:00:07]} Bxf6 {[%emt 0:01:39]} 55. gxf6 {[%emt 0:00:07]} Nd3 {[%emt 0:00:08]} 56. Rxa4 {[%emt 0:00:22]} 1-0

[Event "WYCC 2018 O18"]
[Site "Halkidiki"]
[Date "2018.10.26"]
[Round "7"]
[White "Galiana Fernandez, Adrian"]
[Black "Zhu, Brandon"]
[Result "0-1"]
[WhiteElo "2261"]
[BlackElo "1914"]
[Annotator "NA"]
[PlyCount "80"]
[EventDate "2018.10.20"]
[EventType "swiss"]
[EventCountry "GRE"]
[SourceTitle "playchess.com"]
[Source "ChessBase"]
[SourceQuality "1"]
[TimeControl "40/5400+30:1800+30"]

1. e4 {[%emt 0:00:00]} e5 {[%emt 0:00:00]} 2. Nf3 {[%emt 0:00:00]} Nc6 {[%emt 0:00:05]} 3. Bc4 {[%emt 0:00:00]} Nf6 {[%emt 0:00:15]} 4. d3 {[%emt 0:00:00]} Be7 {[%emt 0:00:10] LiveBook: 4305 Games} 5. O-O {[%emt 0:00:00]} O-O {[%emt 0:00:06]} 6. Re1 {[%emt 0:01:01]} d6 {[%emt 0:00:06]} 7. a4 {[%emt 0:00:05]} Na5 {[%emt 0:01:16]} 8. Ba2 {[%emt 0:00:10]} c5 {[%emt 0:00:12]} 9. c3 {[%emt 0:00:22]} Nc6 {[%emt 0:00:56]} 10. Na3 {[%emt 0:09:01]} Re8 {[%emt 0:04:25]} 11. Bg5 {[%emt 0:07:02]} Nd7 $14 {[%emt 0:02:58]} 12. Bd2 {[%emt 0:06:02]} Bf6 {[%emt 0:03:38]} 13. b4 {[%emt 0:13:51]} cxb4 {[%emt 0:02:57]} 14. cxb4 {[%emt 0:00:07]} a5 {[%emt 0:01:56]} 15. Nb5 {[%emt 0:17:53]} Nf8 {[%emt 0:05:26]} 16. bxa5 {[%emt 0:00:54]} Ne6 {[%emt 0:06:03]} 17. Qb3 {[%emt 0:04:22]} Qe7 {[%emt 0:07:11]} 18. Qa3 {[%emt 0:03:05]} Nc5 {[%emt 0:06:49]} 19. Rac1 {[%emt 0:03:53]} b6 {[%emt 0:04:58]} 20. Bd5 {[%emt 0:02:03]} Bb7 {[%emt 0:01:24]} 21. Nxd6 {[%emt 0:04:53]} Qxd6 {[%emt 0:03:10]} 22. axb6 {[%emt 0:00:07]} Be7 {[%emt 0:09:30]} 23. a5 {[%emt 0:18:27]} Rec8 {[%emt 0:08:36]} 24. Bg5 {[%emt 0:08:09]} Bf8 {[%emt 0:05:28]} 25. Bd2 {[%emt 0:00:30]} h6 {[%emt 0:08:21]} 26. Qa2 {[%emt 0:00:07]} Nxd3 {[%emt 0:01:06]} 27. Bxf7+ {[%emt 0:00:32]} Kh8 {[%emt 0:00:16]} 28. Be6 {[%emt 0:00:47]} Nxe1 {[%emt 0:01:49]} 29. Rxe1 {[%emt 0:00:28]} Rd8 {[%emt 0:01:27]} 30. Re3 {[%emt 0:00:08]} Nd4 {[%emt 0:01:18]} 31. Ng5 {[%emt 0:00:05]} Qe7 {[%emt 0:03:54]} 32. Nf7+ {[%emt 0:00:03]} Kh7 {[%emt 0:00:28]} 33. Bc4 {[%emt 0:00:02]} Rdc8 {[%emt 0:01:54]} 34. Rh3 {[%emt 0:01:20]} Rxc4 {[%emt 0:04:41]} 35. Qxc4 {[%emt 0:00:04]} Ne2+ {[%emt 0:01:31]} 36. Kh1 {[%emt 0:00:32]} Nf4 {[%emt 0:01:03]} 37. Bxf4 {[%emt 0:00:34]} exf4 {[%emt 0:00:11]} 38. e5 {[%emt 0:01:16]} Rxa5 {[%emt 0:00:42]} 39. Qc3 {[%emt 0:01:01]} Rc5 {[%emt 0:00:41]} 40. Qd3+ {[%emt 0:00:00]} g6 {[%emt 0:00:00]} 0-1

[Event "WYCC 2018 O18"]
[Site "Halkidiki"]
[Date "2018.10.26"]
[Round "7"]
[White "Ozates, Tuna"]
[Black "Roshka, Yevgeniy"]
[Result "1/2-1/2"]
[WhiteElo "2225"]
[BlackElo "2328"]
[Annotator "NA"]
[PlyCount "121"]
[EventDate "2018.10.20"]
[EventType "swiss"]
[EventCountry "GRE"]
[SourceTitle "playchess.com"]
[Source "ChessBase"]
[SourceQuality "1"]
[TimeControl "40/5400+30:1800+30"]

1. d4 {[%emt 0:00:00]} Nf6 {[%emt 0:00:17]} 2. Bg5 {[%emt 0:00:00]} d5 {[%emt 0:05:51]} 3. Bxf6 {[%emt 0:00:00]} exf6 {[%emt 0:00:01]} 4. e3 {[%emt 0:00:01]} Bd6 {[%emt 0:02:08]} 5. c4 {[%emt 0:00:06]} dxc4 {[%emt 0:01:07]} 6. Bxc4 {[%emt 0:00:07]} f5 {[%emt 0:01:19]} 7. Nf3 {[%emt 0:01:04]} O-O {[%emt 0:00:48]} 8. Nc3 {[%emt 0:00:20] LiveBook: 51 Games} c6 {[%emt 0:00:25]} 9. O-O {[%emt 0:00:25]} Nd7 {[%emt 0:01:00]} 10. Rb1 {[%emt 0:00:45]} Nf6 {[%emt 0:03:56]} 11. b4 $15 {[%emt 0:04:53]} (11. Rc1 $11) 11... Ne4 {[%emt 0:02:59]} 12. Qd3 {[%emt 0:01:32]} Qe7 {[%emt 0:02:12]} 13. b5 {[%emt 0:01:33]} Nxc3 {[%emt 0:00:16]} 14. Qxc3 {[%emt 0:00:09]} cxb5 {[%emt 0:00:08]} 15. Rxb5 {[%emt 0:03:04]} f4 {[%emt 0:00:49]} 16. exf4 {[%emt 0:03:11]} Bxf4 {[%emt 0:01:05]} 17. Re1 {[%emt 0:00:23]} Qf6 {[%emt 0:25:45]} 18. Ne5 {[%emt 0:18:36]} Qh6 {[%emt 0:03:37]} 19. g3 {[%emt 0:03:25]} Bxe5 {[%emt 0:00:06]} 20. dxe5 {[%emt 0:01:04]} Qc6 {[%emt 0:09:05]} 21. Qb3 {[%emt 0:02:05]} Qc7 {[%emt 0:01:03]} 22. Bd5 {[%emt 0:03:10]} Rb8 {[%emt 0:00:26]} 23. Rb4 {[%emt 0:05:53]} b6 {[%emt 0:01:08]} 24. Rf4 {[%emt 0:01:29]} Bb7 {[%emt 0:07:30]} 25. Bxb7 {[%emt 0:11:57]} Qxb7 {[%emt 0:00:02]} 26. e6 {[%emt 0:03:19]} fxe6 {[%emt 0:00:06]} 27. Rxe6 {[%emt 0:00:14]} Kh8 {[%emt 0:00:32]} 28. Rxf8+ {[%emt 0:00:22]} Rxf8 {[%emt 0:00:02]} 29. Qe3 {[%emt 0:00:09]} Qd7 {[%emt 0:04:42]} 30. a3 {[%emt 0:01:37]} h6 {[%emt 0:01:19]} 31. h4 {[%emt 0:06:57]} Qd1+ {[%emt 0:03:02]} 32. Kh2 {[%emt 0:01:32]} Qf3 {[%emt 0:02:23]} 33. Re8 {[%emt 0:05:03]} Kh7 {[%emt 0:00:03]} 34. Rxf8 {[%emt 0:00:20]} Qxf8 {[%emt 0:00:02]} 35. a4 {[%emt 0:00:08]} Qf5 {[%emt 0:02:51]} 36. Qd4 {[%emt 0:00:38]} Qb1 {[%emt 0:01:08]} 37. Kg2 {[%emt 0:01:31]} a6 {[%emt 0:06:06]} 38. Kf3 {[%emt 0:09:51]} b5 {[%emt 0:01:21]} 39. axb5 {[%emt 0:00:05]} axb5 {[%emt 0:00:27]} 40. Ke3 {[%emt 0:00:00]} b4 {[%emt 0:00:00]} 41. h5 {[%emt 0:09:12]} Qe1+ {[%emt 0:04:54]} 42. Kf3 {[%emt 0:04:01]} Kg8 {[%emt 0:16:42]} 43. Qd8+ {[%emt 0:06:10]} Kf7 {[%emt 0:01:50]} 44. Qd7+ {[%emt 0:00:15]} Qe7 {[%emt 0:03:05]} 45. Qd5+ {[%emt 0:00:20]} Ke8 {[%emt 0:01:19]} 46. Kg2 {[%emt 0:00:26]} Kf8 {[%emt 0:01:20]} 47. Qa8+ {[%emt 0:00:51]} Kf7 {[%emt 0:01:33]} 48. Qd5+ {[%emt 0:00:24]} Kf6 {[%emt 0:01:47]} 49. Qd4+ {[%emt 0:00:44]} Kf5 {[%emt 0:02:36]} 50. Qf4+ {[%emt 0:01:56]} Ke6 {[%emt 0:00:04]} 51. Qe4+ {[%emt 0:00:09]} Kd7 {[%emt 0:00:23]} 52. Qb7+ {[%emt 0:00:14]} Ke8 {[%emt 0:00:08]} 53. Qa8+ {[%emt 0:00:09]} Kf7 {[%emt 0:01:10]} 54. Qd5+ {[%emt 0:00:10]} Kf8 {[%emt 0:00:58]} 55. Qa8+ {[%emt 0:00:26]} Qe8 {[%emt 0:02:10]} 56. Qf3+ {[%emt 0:00:20]} Kg8 {[%emt 0:00:15]} 57. Qb3+ {[%emt 0:00:05]} Kh8 {[%emt 0:00:06]} 58. Qxb4 {[%emt 0:00:08]} Qxh5 {[%emt 0:00:05]} 59. Qb8+ {[%emt 0:00:29]} Kh7 {[%emt 0:00:03]} 60. Qb1+ {[%emt 0:00:15]} Qg6 {[%emt 0:00:28]} 61. Qb7 {[%emt 0:00:31]} 1/2-1/2

[Event "WYCC 2018 O18"]
[Site "Halkidiki"]
[Date "2018.10.26"]
[Round "7"]
[White "Tsomaia, Nikoloz"]
[Black "Fawzy, Adham"]
[Result "0-1"]
[WhiteElo "2201"]
[BlackElo "2439"]
[Annotator "TA"]
[PlyCount "104"]
[EventDate "2018.10.20"]
[EventType "swiss"]
[EventCountry "GRE"]
[SourceTitle "playchess.com"]
[Source "ChessBase"]
[SourceQuality "1"]

{[%evp 21,104,22,59,51,66,43,75,45,74,15,19,13,23,20,36,-50,-38,-87,-74,-86,-58,-63,0,0,0,0,0,0,0,18,1,-87,-106,-114,-112,-116,-116,-112,-90,-85,-90,-94,-95,-110,-103,-115,-62,-70,-77,-218,-216,-233,-89,-216,-216,-216,-216,-216,-216,-215,-215,-215,-207,-152,-71,-85,-58,-325,-321,-636,-625,-899,-850,-959,-877,-782,-465,-12832,-6721,-12836,-9729,-12837,-12392,-12841,-12839]} 1. e4 c5 2. Nf3 Nc6 3. Bb5 g6 4. Bxc6 dxc6 5. O-O Bg7 6. d3 Nf6 7. h3 Nd7 {B31: Sicilian: 2...Nc6 3 Bb5 g6} 8. Nc3 e5 9. Be3 b6 10. Qd2 h6 11. a3 a5 {LiveBook: 5 Games} 12. Na4 f5 13. exf5 gxf5 14. Rfe1 {And now Nxe5! would win.} Kf7 $1 {[#]} 15. Qc1 $146 (15. c3 $16) ({Predecessor:} 15. Qc3 Bf6 16. Bd2 Re8 17. b4 axb4 18. axb4 {1-0 (29) Rublevsky,S (2688)-Inarkiev,E (2693) Novosibirsk 2012}) 15... Kg6 $11 16. Nc3 Re8 17. Bd2 Kh7 18. Nd1 (18. Ne2 $14) 18... Nf8 $15 19. a4 Ng6 20. Ne3 Be6 21. Bc3 e4 ({Black should play} 21... Qc7 $15) 22. dxe4 $11 fxe4 23. Bxg7 exf3 24. Ng4 Qh4 $1 25. Bf6 Qh5 26. Ra3 (26. Re4 $11 {keeps the balance.} Bxg4 27. hxg4) 26... fxg2 $17 27. Rg3 Bxg4 $1 28. Rxg4 Qxh3 $40 {[%csl Gg2][%cal Rh3h1][%mdl 128] Black goes for the king.} 29. Rxg2 Qf5 30. Bc3 Rad8 31. Rxe8 Rxe8 32. Qd1 Re7 $1 33. Rg3 Rd7 (33... Rf7 $17 34. Qe2 h5) 34. Qe2 Rf7 35. Qd2 (35. Kf1 $17) 35... Nf4 $1 $19 36. Qe3 Nd5 (36... Qxc2 $19 {has better winning chances.} 37. Kh2 Qf5) 37. Qd3 (37. Qe2 $17 {might work better.}) 37... Qxd3 38. Rxd3 {[%mdl 4096] Endgame KRB-KRN} Rf4 39. b3 {[#]} c4 $1 {[%cal Rc4d3]} 40. Rg3 Nxc3 41. Rxc3 {KR-KR} b5 42. Re3 b4 ({Better is} 42... cxb3 43. cxb3 bxa4 44. bxa4 Rxa4 45. Re7+ Kh8) 43. Re7+ Kg8 44. Re6 $2 {[%mdl 8192]} (44. Re5 $1 $15) 44... c3 45. Rxc6 $2 {[#]} (45. Rxh6 Rd4 46. Rh5 (46. Rxc6 Rd2 $19)) 45... Rd4 $1 {[%cal Rd4d2] Black is clearly winning.} 46. Rc5 Rd2 47. Rxa5 Rxc2 48. Rc5 Rb2 49. Rc4 (49. Kf1 $142 Kf7 50. a5) 49... Rxb3 50. Kg2 Rb1 51. Kf3 Ra1 52. Ke3 b3 {Precision: White = 34%, Black = 71%.} 0-1

[Event "WYCC 2018 O18"]
[Site "Halkidiki"]
[Date "2018.10.26"]
[Round "7"]
[White "Goncalves, Davi Sulzbacher"]
[Black "Szustakowski, Antoni"]
[Result "1/2-1/2"]
[WhiteElo "2177"]
[BlackElo "2319"]
[Annotator "NA"]
[PlyCount "106"]
[EventDate "2018.10.20"]
[EventType "swiss"]
[EventCountry "GRE"]
[SourceTitle "playchess.com"]
[Source "ChessBase"]
[SourceQuality "1"]
[TimeControl "40/5400+30:1800+30"]

1. d4 {[%emt 0:00:00]} Nf6 {[%emt 0:00:00]} 2. c4 {[%emt 0:00:00]} e6 {[%emt 0:00:00]} 3. Nf3 {[%emt 0:00:00]} d5 {[%emt 0:00:00]} 4. g3 {[%emt 0:00:07]} Be7 {[%emt 0:00:36]} 5. Bg2 {[%emt 0:00:35]} O-O {[%emt 0:00:31]} 6. O-O {[%emt 0:00:15]} dxc4 {[%emt 0:00:24]} 7. Qc2 {[%emt 0:00:33]} b6 {[%emt 0:00:18]} 8. Nfd2 {[%emt 0:00:36]} c6 {[%emt 0:00:50]} 9. Nxc4 {[%emt 0:00:50]} Bb7 {[%emt 0:03:03]} 10. Rd1 {[%emt 0:06:44]} Qc8 {[%emt 0:02:10]} 11. Bf4 {[%emt 0:03:11]} (11. e4 $16) 11... Rd8 $14 {[%emt 0:01:41]} 12. Nc3 {[%emt 0:03:19]} Na6 {[%emt 0:09:49]} 13. Ne4 {[%emt 0:16:05]} Nxe4 {[%emt 0:05:43]} 14. Qxe4 {[%emt 0:12:01]} Nb4 {[%emt 0:05:21]} 15. Ne5 {[%emt 0:25:24]} Rb8 {[%emt 0:25:07]} 16. Nxf7 {[%emt 0:13:30]} c5 {[%emt 0:02:10]} 17. d5 {[%emt 0:01:51]} Rxd5 {[%emt 0:00:13]} 18. Rxd5 {[%emt 0:00:40]} Bxd5 {[%emt 0:00:16]} 19. Qe5 {[%emt 0:00:08]} Nc6 {[%emt 0:00:54]} 20. Qh5 {[%emt 0:01:03]} g6 {[%emt 0:09:28]} 21. Nh6+ {[%emt 0:00:45]} Kg7 {[%emt 0:00:24]} 22. Qh3 {[%emt 0:00:28]} e5 {[%emt 0:02:04]} 23. Nf5+ {[%emt 0:02:49]} Qxf5 {[%emt 0:01:13]} 24. Bh6+ {[%emt 0:00:28]} Kf6 {[%emt 0:01:07]} 25. Qxf5+ {[%emt 0:03:13]} gxf5 {[%emt 0:00:27]} 26. Bxd5 {[%emt 0:00:09]} Nd4 {[%emt 0:01:25]} 27. Kf1 {[%emt 0:01:34]} Rd8 {[%emt 0:00:08]} 28. e4 {[%emt 0:04:30]} Nc2 {[%emt 0:13:17]} 29. Rd1 {[%emt 0:00:11]} Nb4 {[%emt 0:04:10]} 30. a3 {[%emt 0:01:10]} Nxd5 {[%emt 0:00:33]} 31. exd5 {[%emt 0:00:03]} Kg6 {[%emt 0:02:55]} 32. Be3 {[%emt 0:00:25]} e4 {[%emt 0:04:11]} 33. b3 {[%emt 0:00:46]} Bf6 {[%emt 0:01:52]} 34. Ke2 {[%emt 0:00:22]} Bc3 {[%emt 0:00:17]} 35. a4 {[%emt 0:00:36]} Rd7 {[%emt 0:01:00]} 36. f3 {[%emt 0:00:23]} h5 {[%emt 0:01:52]} 37. h3 {[%emt 0:01:07]} Be5 {[%emt 0:01:10]} 38. Bf4 {[%emt 0:01:56]} Bd4 {[%emt 0:00:59]} 39. d6 {[%emt 0:00:16]} Kf6 {[%emt 0:00:39]} 40. b4 {[%emt 0:00:00]} Ke6 {[%emt 0:00:00]} 41. g4 {[%emt 0:08:57]} exf3+ {[%emt 0:12:45]} 42. Kxf3 {[%emt 0:00:12]} hxg4+ {[%emt 0:00:26]} 43. hxg4 {[%emt 0:00:09]} fxg4+ {[%emt 0:00:05]} 44. Kxg4 {[%emt 0:00:09]} Rg7+ {[%emt 0:04:58]} 45. Kf3 {[%emt 0:00:13]} Rg1 {[%emt 0:00:48]} 46. Rxg1 {[%emt 0:04:29]} Bxg1 {[%emt 0:00:02]} 47. b5 {[%emt 0:00:19]} c4 {[%emt 0:01:06]} 48. Ke4 {[%emt 0:00:14]} Bc5 {[%emt 0:01:17]} 49. d7 {[%emt 0:00:19]} Kxd7 {[%emt 0:00:10]} 50. Kd5 {[%emt 0:00:13]} c3 {[%emt 0:00:17]} 51. Kc4 {[%emt 0:00:07]} c2 {[%emt 0:00:09]} 52. Kb3 {[%emt 0:00:09]} Bd6 {[%emt 0:00:13]} 53. Bd2 {[%emt 0:00:18]} Ke6 {[%emt 0:00:11]} 1/2-1/2

[Event "WYCC 2018 O18"]
[Site "Halkidiki"]
[Date "2018.10.26"]
[Round "7"]
[White "Veleshnja, Zino"]
[Black "Kouskoutis, Georgios-Alexandros"]
[Result "0-1"]
[WhiteElo "2155"]
[BlackElo "2296"]
[Annotator "NA"]
[PlyCount "98"]
[EventDate "2018.10.20"]
[EventType "swiss"]
[EventCountry "GRE"]
[SourceTitle "playchess.com"]
[Source "ChessBase"]
[SourceQuality "1"]
[TimeControl "40/5400+30:1800+30"]

1. d4 {[%emt 0:00:00]} Nf6 {[%emt 0:00:00]} 2. c4 {[%emt 0:00:00]} e6 {[%emt 0:00:00]} 3. g3 {[%emt 0:00:00]} d5 {[%emt 0:00:00]} 4. Nf3 {[%emt 0:00:00]} Be7 {[%emt 0:00:03]} 5. Bg2 {[%emt 0:00:00]} O-O {[%emt 0:00:09]} 6. O-O {[%emt 0:00:00]} c6 {[%emt 0:00:05]} 7. Qc2 {[%emt 0:00:00]} b6 {[%emt 0:00:05]} 8. Bf4 {[%emt 0:00:00]} Bb7 {[%emt 0:04:24]} 9. Rd1 {[%emt 0:00:22]} Nbd7 {[%emt 0:01:00]} 10. Nc3 {[%emt 0:00:03]} Rc8 {[%emt 0:07:51]} 11. Ne5 {[%emt 0:07:30]} b5 {[%emt 0:23:31]} 12. cxb5 {[%emt 0:04:35]} cxb5 {[%emt 0:00:39]} 13. a3 {[%emt 0:18:59]} Nb6 {[%emt 0:11:36]} 14. Rdc1 {[%emt 0:03:54]} Nfd7 {[%emt 0:02:59]} 15. Nd3 {[%emt 0:02:29]} Nc4 {[%emt 0:11:15]} 16. b4 {[%emt 0:11:35]} Bf6 {[%emt 0:03:08]} 17. Nc5 {[%emt 0:11:59]} Nxc5 {[%emt 0:04:42]} 18. dxc5 {[%emt 0:00:17]} Bxc3 {[%emt 0:01:26]} 19. Qxc3 {[%emt 0:00:39]} d4 {[%emt 0:00:09]} 20. Qc2 {[%emt 0:08:00]} Bxg2 {[%emt 0:00:21]} 21. Kxg2 {[%emt 0:00:04]} Qd5+ {[%emt 0:01:27]} 22. Kg1 {[%emt 0:00:36]} e5 {[%emt 0:01:01]} 23. Bd2 {[%emt 0:01:44]} e4 {[%emt 0:04:09]} 24. a4 {[%emt 0:08:14]} a6 {[%emt 0:01:27]} 25. axb5 {[%emt 0:00:34]} axb5 {[%emt 0:00:09]} 26. Rd1 {[%emt 0:02:22]} d3 {[%emt 0:02:47]} 27. Bc3 {[%emt 0:03:32]} Rfd8 {[%emt 0:01:00]} 28. Qb1 {[%emt 0:01:10]} Rc6 {[%emt 0:03:15]} 29. e3 {[%emt 0:06:32]} h5 {[%emt 0:06:12]} 30. Rf1 {[%emt 0:03:32]} h4 {[%emt 0:01:56]} 31. Qd1 {[%emt 0:00:17]} Rg6 {[%emt 0:01:55]} 32. Bd4 {[%emt 0:00:35]} Qf5 {[%emt 0:01:25]} 33. Kg2 {[%emt 0:01:33]} Qg5 {[%emt 0:01:03]} 34. f4 {[%emt 0:00:42]} Qf5 {[%emt 0:00:41]} 35. Qe1 {[%emt 0:02:52]} Rh6 {[%emt 0:00:41]} 36. gxh4 {[%emt 0:00:59]} Rg6+ {[%emt 0:03:29]} 37. Kh1 {[%emt 0:00:10]} Qg4 {[%emt 0:00:21]} 38. Qf2 {[%emt 0:01:02]} Rxd4 {[%emt 0:01:09]} 39. Rg1 {[%emt 0:00:17]} Qh5 {[%emt 0:00:49]} 40. Rxg6 {[%emt 0:00:00]} fxg6 {[%emt 0:00:00]} 41. exd4 {[%emt 0:08:08]} e3 {[%emt 0:01:25]} 42. Qg3 {[%emt 0:12:40]} d2 {[%emt 0:01:10]} 43. f5 {[%emt 0:01:19]} d1=Q+ {[%emt 0:04:32]} 44. Rxd1 {[%emt 0:00:10]} Qxd1+ {[%emt 0:00:11]} 45. Kg2 {[%emt 0:00:07]} Qc2+ {[%emt 0:01:31]} 46. Kg1 {[%emt 0:00:59]} Qxf5 {[%emt 0:01:33]} 47. c6 {[%emt 0:01:00]} Nd2 48. h3 {[%emt 0:00:07]} Qf1+ {[%emt 0:02:12]} 49. Kh2 {[%emt 0:00:30]} Nf3+ {[%emt 0:00:08]} 0-1